Catálogo
 En Linea
Vista normal Vista MARC

Entrada Nombre de reunión

Número de registros utilizados en: 1

001 - NÚMERO DE CONTROL

  • campo de control: 55590

003 - IDENTIFICADOR DEL NÚMERO DE CONTROL

  • campo de control: OSt

005 - FECHA Y HORA DE LA ÚLTIMA TRANSACCIÓN

  • campo de control: 20200615034714.0

008 - DATOS DE LONGITUD FIJA

  • campo de control de longitud fija: 200615|| aca||aabn | a|a d

040 ## - FUENTE DE LA CATALOGACIÓN

  • Centro catalogador/agencia de origen: OSt
  • Centro/agencia transcriptor: OSt

111 ## - ENCABEZAMIENTO--NOMBRE DE CONGRESO/REUNIÓN

  • Nombre de congreso/reunión o jurisdicción como elemento de entrada: Conferencia acerca de la participación de estudiantes norteamericanos en el medio ambiente político y social que lo rodea, describiendo sus actividades, actitudes y organizaciones generales. Refleja el equilibrio de intereses entre los estudiantes que son participantes activos y aquéllos que no lo son

670 ## - FUENTE DE DATOS ENCONTRADOS

  • Cita de la fuente: Work cat.: (OSt)28125: Conferencia acerca de la participación de estudiantes norteamericanos en el medio ambiente político y social que lo rodea, describiendo sus actividades, actitudes y organizaciones generales. Refleja el equilibrio de intereses entre los estudiantes que son participantes activos y aquéllos que no lo son., Movimientos de estudiantes en los Estados Unidos., 1966.

Con tecnología Koha